Neuropsicología infantil /
Gorde:
| Egile nagusia: | |
|---|---|
| Formatua: | Liburua |
| Hizkuntza: | gaztelania |
| Argitaratua: |
Madrid, España :
Síntesis,
2007, c2007
|
| Saila: | (Manuales de Psicología ;
6) |
| Gaiak: | |
| Etiketak: |
neuro
1
|
MARC
| LEADER | 00000nam^a2200000^a^4500 | ||
|---|---|---|---|
| 001 | 000270828 | ||
| 005 | 20250521000000.0 | ||
| 009 | 20260310111010.231 | ||
| 020 | |a 978-84-975650-5-9 | ||
| 037 | |a Acervo ITESO - Biblioteca | ||
| 041 | |a ESP | ||
| 082 | |a 616. 8 |b POR | ||
| 100 | |a Portellano, José Antonio |e (autor) | ||
| 245 | 1 | 0 | |a Neuropsicología infantil / |c J.A. Portellano. |
| 264 | 4 | |a Madrid, España : |b Síntesis, |c 2007, c2007 | |
| 300 | |a 264 p. | ||
| 336 | |a texto |b txt |2 rdacontenido | ||
| 337 | |a sin mediación |b n |2 rdamedio | ||
| 338 | |a volumen |b nc |2 rdasoporte | ||
| 440 | 1 | |a (Manuales de Psicología ; |v 6) | |
| 649 | |a XX | ||
| 650 | |a Niños - |x Condiciones Psicológicas | ||
| 650 | |a Déficit de Atención | ||
| 650 | |a Epilepsia | ||
| 650 | |a Disfunción Cerebral Mínima | ||
| 650 | |a Daño Cerebral | ||
| 650 | |a Trastornos del Lenguaje | ||
| 650 | |a Problemas de Aprendizaje | ||
| 650 | |a Sistema Nervioso - |x Enfermedades | ||
| 650 | |a Sistema Nervioso | ||
| 650 | |a Evaluación Neuropsicológica | ||
| 650 | |a Psicopatología | ||
| 650 | |a Neuropsicología - |x Tema Principal | ||
| 650 | |a Neurología | ||
| 650 | |a Neuropsicología | ||
| 650 | |a Neurociencias | ||
| 650 | |a Psicología Evolutiva | ||
| 910 | |a Fondo General | ||
| 920 | |a Impresos - Libros | ||
| 930 | |a Colección General | ||
| 905 | |a 101 | ||
| 901 | |a 0500156405 |b IT1 |c ACC |u 20250521 | ||
| 902 | |a https://opac.biblio.iteso.mx/vufind/Record/000270828 | ||